Inorganic polymers : (Record no. 10920)
[ view plain ]
| 000 -LEADER | |
|---|---|
| fixed length control field | 01055cam a22002771 4500 |
| 001 - CONTROL NUMBER | |
| control field | 10920 |
| 003 - CONTROL NUMBER IDENTIFIER | |
| rucl marc code | BD-RjUL |
| 005 - DATE AND TIME OF LATEST TRANSACTION | |
| control field | 20211208235036.0 |
| 008 - FIXED-LENGTH DATA ELEMENTS--GENERAL INFORMATION | |
| fixed length control field | 161026s1961 enka b 100 0 eng |
| 035 ## - SYSTEM CONTROL NUMBER | |
| System control number | (BD-RjUL)10969 |
| System control number | (OCoLC)10454512 |
| 040 ## - CATALOGING SOURCE | |
| Original cataloging agency | DLC |
| Transcribing agency | MnU |
| Modifying agency | MBNU |
| -- | DLC |
| -- | BD-RjUL |
| Language of cataloging | eng |
| 041 ## - LANGUAGE CODE | |
| Language code of text/sound track or separate title | eng |
| 082 ## - DEWEY DECIMAL CLASSIFICATION NUMBER | |
| Classification number | 546 |
| Author mark and year | INI 1961 |
| 110 2# - MAIN ENTRY--CORPORATE NAME | |
| Corporate name or jurisdiction name as entry element | International Symposium on Inorganic Polymers |
| Date of meeting or treaty signing | (1961 : |
| Location of meeting | Nottingham, Eng.) |
| 9 (RLIN) | 160801 |
| 245 10 - TITLE STATEMENT | |
| Title | Inorganic polymers : |
| Remainder of title | the lectures delivered at an international symposium held at Nottingham on 18th-21st July, 1961. / |
| Statement of responsibility, etc. | Organised jointly by the University of Nottingham and the Chemical Society. |
| 260 ## - PUBLICATION, DISTRIBUTION, ETC. (IMPRINT) | |
| Place of publication, distribution, etc. | London : |
| Name of publisher, distributor, etc. | Chemical Society, |
| Date of publication, distribution, etc. | 1961. |
| 300 ## - PHYSICAL DESCRIPTION | |
| Pagination | 146 p. : |
| Illustrations | ill. ; |
| Size | 21 cm. |
| 410 20 - SERIES STATEMENT/ADDED ENTRY--CORPORATE NAME [OBSOLETE, CAN/MARC], [LOCAL, USA] | |
| Corporate name or jurisdiction name as entry element | Chemical Society (Great Britain) |
| Title of a work | Special publication, |
| Volume number/sequential designation | no. 15 |
| 504 ## - BIBLIOGRAPHY, ETC. NOTE | |
| Bibliography, etc | Includes bibliographies. |
| 650 #0 - SUBJECT ADDED ENTRY--TOPICAL TERM | |
| Topical term or geographic name as entry element | polymers. |
| 9 (RLIN) | 33745 |
| 710 2# - ADDED ENTRY--CORPORATE NAME | |
| Corporate name or jurisdiction name as entry element | University of Nottingham. |
| 9 (RLIN) | 33746 |
| Corporate name or jurisdiction name as entry element | Chemical Society (Great Britain) |
| 9 (RLIN) | 429 |
| 942 ## - ADDED ENTRY ELEMENTS (KOHA) | |
| Source of classification or shelving scheme | Dewey Decimal Classification |
| Koha item type | Books |
| Lost status | Source of classification or shelving scheme | Damaged status | Not for loan | Collection code | Permanent Location | Current Location | Shelving location | Date acquired | Source of acquisition | Cost, normal purchase price | Total Checkouts | Full call number | Date last seen | Copy number | Koha item type |
|---|---|---|---|---|---|---|---|---|---|---|---|---|---|---|---|
| Dewey Decimal Classification | Not For Loan | Non-fiction | Central Library, University of Rajshahi | Central Library, University of Rajshahi | Reading Room | 04/02/1963 | Zeithlinger | 0.00 | 546 INI 1961 | 25/01/2014 | C-1 | Books |